000 00285nam a2200097Ia 4500
001 1228707
005 20250827093047.0
008 250824s9999 xx 000 0 und d
245 0 _aHUYSUZ SAKAR VE YALNI ZBAYKUŞUN ISOLADAKİ ANILARI
_cALMILA AYDIN
260 _bALTIN KİTAPLAR YAYINLARI
999 _c1228707
_d1228707